| 000 | 00435nam a22001697a 4500 | ||
|---|---|---|---|
| 005 | 20160520140016.0 | ||
| 008 | 160520b xxu||||| |||| 00| 0 eng d | ||
| 020 | _a978-81-89928-22-3 | ||
| 041 | _aeng | ||
| 082 | _b3575 | ||
| 100 |
_aGaur R.K. & Gupta S.L. _9820 |
||
| 245 | _aEngineering Physics | ||
| 260 |
_aNew Delhi _bDhanpat Rai Publising Co. Pvt. Ltd. |
||
| 300 | _a64.2 | ||
| 650 |
_aDIPLOMA ENGINEERING _9817 |
||
| 942 | _cBK | ||
| 999 |
_c1211 _d1211 |
||